[Event "Titled Tue 17th Jun Early"]
[Site "chess.com INT"]
[Date "2025.06.17"]
[Round "7"]
[White "Klys, Kacper"]
[Black "Lorans, Sylvain"]
[Result "0-1"]
[WhiteTitle "CM"]
[BlackTitle "CM"]
[WhiteElo "2218"]
[BlackElo "2155"]
[WhiteFideId "21005281"]
[BlackFideId "605794"]
[EventDate "2025.06.17"]

1. Nf3 d5 2. d4 c5 3. c4 cxd4 4. cxd5 Nf6 5. Nxd4 Nxd5 6. e4 Nb4 7. Qa4+ N4c6 8.
Nxc6 Nxc6 9. Be3 Bd7 10. Nc3 e6 11. Rd1 Bb4 12. Qb3 Qa5 13. Be2 Rd8 14. O-O O-O
15. Rc1 Bc8 16. a3 Be7 17. Rfd1 Rxd1+ 18. Rxd1 Rd8 19. Rxd8+ Qxd8 20. h3 Nd4 21.
Qd1 Nxe2+ 22. Qxe2 b6 23. Qc4 h6 24. g3 Bb7 25. Kh2 Bd6 26. Qd4 Bc7 27. Qc4 Qb8
28. Nb5 Be5 29. b4 h5 30. f4 Bf6 31. Bd4 Bxd4 32. Qxd4 h4 33. Nd6 hxg3+ 34. Kxg3
Ba6 35. b5 Bb7 36. Kf3 Qc7 37. f5 Qc1 38. Nxb7 Qh1+ 39. Ke3 Qg1+ 40. Kd3 Qd1+
41. Kc4 Qa4+ 42. Kc3 Qxa3+ 43. Kc2 Qa2+ 44. Qb2 Qc4+ 45. Qc3 Qxe4+ 46. Kb3 Qxb7
47. fxe6 fxe6 48. Qe3 Qd5+ 49. Kb4 e5 50. Ka4 Qd4+ 51. Qxd4 exd4 52. Kb4 Kf7 53.
Kc4 Ke6 54. Kxd4 Kd6 55. h4 g6 56. Ke4 Kc5 57. Ke5 Kxb5 58. Kf6 a5 59. Kxg6 a4
60. h5 a3 61. h6 a2 62. h7 a1=Q 63. Kf7 Qh8 64. Kg6 Kc6 65. Kf7 Qxh7+ 0-1

[Event "Titled Tue 17th Jun Early"]
[Site "chess.com INT"]
[Date "2025.06.17"]
[Round "7"]
[White "Gilfanov, Marat I"]
[Black "Parfenov, Viktor N."]
[Result "1-0"]
[WhiteTitle "FM"]
[BlackTitle "CM"]
[WhiteElo "2343"]
[BlackElo "2193"]
[WhiteFideId "34372164"]
[BlackFideId "4165969"]
[EventDate "2025.06.17"]

1. d4 Nf6 2. c4 g6 3. Nf3 Bg7 4. Nc3 d5 5. cxd5 Nxd5 6. e4 Nxc3 7. bxc3 c5 8.
Be3 Qa5 9. Qd2 O-O 10. Be2 Nd7 11. O-O Nf6 12. Qc2 cxd4 13. cxd4 Bg4 14. h3 Rac8
15. Qb2 Be6 16. Bd3 b6 17. Bd2 Qa4 18. Rfc1 Qd7 19. Ne5 Qb7 20. f3 Nd7 21. Nxd7
Qxd7 22. Be3 Qa4 23. Bb5 Qa5 24. Bd2 Bxd4+ 25. Qxd4 Qxb5 26. Bh6 f6 27. Bxf8
Rxf8 28. Rc7 Re8 29. a4 Qg5 30. Kh1 Qg3 31. Rc2 Kf7 32. Rac1 h5 33. Qf2 Qf4 34.
Qd2 Qg3 35. Rc7 g5 36. Qe1 Qf4 37. Rxa7 Bxh3 38. gxh3 Qxf3+ 39. Kg1 Qxh3 40. Qf2
Rd8 41. Rac7 Qg4+ 42. Qg2 Rd1+ 43. Rxd1 Qxd1+ 44. Kh2 Qd6+ 45. Qg3 Qd2+ 46. Kh1
Qd1+ 47. Kg2 Qd2+ 48. Qf2 Qd6 49. Rc3 h4 50. Re3 Qe5 51. Re2 e6 52. Qf3 Kg6 53.
Qe3 g4 54. Rf2 h3+ 55. Kg1 Qa1+ 56. Rf1 Qe5 57. Kh1 g3 58. Kg1 f5 59. exf5+ exf5
60. Qxe5 1-0

[Event "Titled Tue 17th Jun Early"]
[Site "chess.com INT"]
[Date "2025.06.17"]
[Round "7"]
[White "Alikulov, Elbek"]
[Black "Saya, Ethan"]
[Result "1/2-1/2"]
[WhiteTitle "IM"]
[BlackTitle "FM"]
[WhiteElo "2305"]
[BlackElo "2262"]
[WhiteFideId "14203308"]
[BlackFideId "26095181"]
[EventDate "2025.06.17"]

1. e4 d5 2. exd5 Qxd5 3. Nc3 Qa5 4. d4 Nf6 5. Nf3 Nc6 6. Be2 Bg4 7. Bd2 O-O-O 8.
Ne4 Qb6 9. Nxf6 gxf6 10. Qc1 Bxf3 11. Bxf3 Nxd4 12. Be3 Qa5+ 13. c3 Nxf3+ 14.
gxf3 Qf5 15. Ke2 Qd3+ 16. Ke1 Rg8 17. Qd1 Qxd1+ 18. Rxd1 Rxd1+ 19. Kxd1 f5 20.
Ke2 e6 21. Rd1 a6 22. Bf4 Bc5 23. b4 Be7 24. a4 b5 25. axb5 axb5 26. Be5 c6 27.
f4 Rg2 28. h3 Bh4 29. Bd4 Rg8 30. Ra1 Rd8 31. Ra8+ Kc7 32. Ra7+ Kd6 33. Rxf7 Kd5
34. Rxh7 e5 35. Bxe5 Bg5 36. fxg5 Kxe5 37. h4 f4 38. g6 Kf6 39. h5 f3+ 40. Kxf3
Rd3+ 41. Ke2 Rh3 42. g7 Kf7 43. h6 Rh5 44. Rh8 Re5+ 45. Kf1 Rg5 46. Rf8+ Ke7 47.
g8=Q Rxg8 48. Rxg8 Ke6 49. Rg4 Kd5 50. f3 Kd6 51. h7 c5 52. bxc5+ Kxc5 53. h8=Q
b4 54. Qd4+ Kc6 55. Qxb4 Kd5 56. f4 Ke6 57. Rg5 Kf6 58. Re5 Kg6 59. c4 Kf6 60.
c5 Kg6 61. c6 Kf6 62. c7 Kg6 63. c8=Q Kf6 64. Qe6+ Kg7 65. Re2 Kh8 66. Qe3 Kg7
67. f5 Kf7 68. Qef4 Kg8 69. f6 Kh7 70. f7 Kh8 71. Qg3 Kh7 72. f8=Q 1/2-1/2

[Event "Titled Tue 17th Jun Early"]
[Site "chess.com INT"]
[Date "2025.06.17"]
[Round "7"]
[White "Lyakh, Vasiliy"]
[Black "Puranik, Abhimanyu"]
[Result "0-1"]
[BlackTitle "GM"]
[WhiteElo "2123"]
[BlackElo "2622"]
[WhiteFideId "14189828"]
[BlackFideId "5061245"]
[EventDate "2025.06.17"]

1. d4 Nf6 2. c4 e6 3. Nc3 Bb4 4. e3 O-O 5. Bd3 Re8 6. a3 Bxc3+ 7. bxc3 e5 8.
dxe5 Rxe5 9. Nf3 Re8 10. O-O d6 11. h3 Nbd7 12. Re1 Nc5 13. Bc2 b6 14. Nd4 Bb7
15. f3 d5 16. cxd5 Nxd5 17. c4 Nf6 18. e4 Nh5 19. Be3 Qf6 20. Qe2 Nf4 21. Qd2
Rad8 22. Rad1 Nce6 23. Qf2 Nxd4 24. Bxd4 Qg5 25. Kh1 Qa5 26. Bb2 h6 27. Qg3 Qg5
28. Qh2 Nh5 29. Qxc7 Nf4 30. Rg1 Rxd1 31. Bxd1 Ba6 32. Bc1 Ne6 33. Qd7 Rd8 34.
Bxg5 Rxd7 35. Be3 Rd3 36. Bf2 Rxa3 37. g3 Ra2 38. Kg2 Bxc4 39. f4 Nc5 40. Kf3
Bd3 41. Bxc5 bxc5 42. Ke3 Ra3 43. Bg4 Bc2+ 44. Kd2 Bxe4 45. Re1 f5 46. Bh5 Rxg3
47. Ra1 Kh7 48. Rxa7 Rxh3 49. Bf7 Rf3 50. Ke2 Rxf4 51. Be6 Rf3 52. Rf7 Rg3 53.
Rf8 h5 54. Bf7 h4 55. Ra8 h3 56. Ra1 h2 0-1

[Event "Titled Tue 17th Jun Early"]
[Site "chess.com INT"]
[Date "2025.06.17"]
[Round "7"]
[White "Dann, Matthias"]
[Black "Mora Munoz, Alejandro"]
[Result "0-1"]
[WhiteTitle "IM"]
[BlackTitle "FM"]
[WhiteElo "2446"]
[BlackElo "2147"]
[WhiteFideId "24638056"]
[BlackFideId "4469844"]
[EventDate "2025.06.17"]

1. c4 Nf6 2. Nc3 e5 3. Nf3 Nc6 4. e3 d6 5. d4 exd4 6. Nxd4 Be7 7. Be2 O-O 8. O-O
Nxd4 9. Qxd4 Bf5 10. b3 Ne8 11. Nd5 Bf6 12. Nxf6+ Qxf6 13. Bb2 Qxd4 14. Bxd4 Be4
15. Rfd1 g6 16. f3 Bc6 17. b4 b6 18. e4 Ng7 19. Rac1 Ne6 20. Bf6 a5 21. b5 Bb7
22. Kf2 Nc5 23. Bd3 Nd7 24. Be7 Rfe8 25. Bg5 Kg7 26. g4 f6 27. Bf4 Re7 28. Bf1
g5 29. Bg3 h5 30. h3 h4 31. Bh2 Nc5 32. Bd3 Rae8 33. Bc2 Bc8 34. Rd2 Be6 35. Rd4
Bf7 36. Bd1 Ne6 37. Rd2 Nd8 38. Be2 Nb7 39. Kf1 Be6 40. Bg1 Bc8 41. c5 Nxc5 42.
Bxc5 dxc5 43. Rcd1 Kf7 44. Kf2 Bb7 45. a3 Kf8 46. Bc4 Bc8 47. Rd8 Rxd8 48. Rxd8+
Re8 49. Rd2 Be6 50. Be2 Ke7 51. Ke3 Rd8 52. Rxd8 Kxd8 53. f4 Ke7 54. e5 gxf4+
55. Kxf4 fxe5+ 56. Kxe5 Bb3 57. g5 Kf7 58. Bg4 Kg6 59. Kf4 c4 60. Bf5+ Kg7 61.
Be6 a4 62. Bf5 c3 0-1

[Event "Titled Tue 17th Jun Early"]
[Site "chess.com INT"]
[Date "2025.06.17"]
[Round "7"]
[White "Mayaud, Raphael"]
[Black "Gavarrete, Nahun"]
[Result "1-0"]
[WhiteTitle "CM"]
[BlackTitle "FM"]
[WhiteElo "2126"]
[BlackElo "2281"]
[WhiteFideId "627151"]
[BlackFideId "8400709"]
[EventDate "2025.06.17"]

1. d4 d5 2. Nf3 Nf6 3. c4 e6 4. g3 c5 5. Bg2 Nc6 6. O-O Be7 7. dxc5 Bxc5 8. a3
a5 9. cxd5 exd5 10. Nc3 O-O 11. Bg5 Be6 12. Nb5 Be7 13. Rc1 Qb6 14. a4 Rfd8 15.
Nfd4 Rac8 16. h3 Nxd4 17. Qxd4 Qxd4 18. Nxd4 h6 19. Bd2 b6 20. Nc6 Rd7 21. Nxe7+
Rxe7 22. Rxc8+ Bxc8 23. Rc1 Bd7 24. Be3 Bxa4 25. Bxb6 Rxe2 26. Bxa5 Rxb2 27. Bc3
Rc2 28. Rxc2 Bxc2 29. Bxf6 gxf6 30. Bxd5 Kg7 31. f4 Bg6 32. Kf2 f5 33. Ke3 Kf6
34. Kd4 h5 35. Kc5 Ke7 36. Bf3 Kf6 37. Kd6 Kg7 38. Ke7 f6 39. Be2 Bf7 40. Bd3
Bg6 41. Bc2 Bh7 42. Bd1 Bg6 43. Be2 Bf7 44. Bd3 Bg6 45. Ke6 Bf7+ 46. Kd6 Bg6 47.
Be2 Bf7 48. Bf3 Kg6 49. Bd5 Be8 50. Ke7 Ba4 51. Bf7+ Kg7 52. Bxh5 Bc2 53. Bf3
Be4 54. Be2 Bg2 55. h4 Be4 56. Ke6 Bb1 57. Bf1 Be4 58. Bh3 Kg6 59. Bf1 Bf3 60.
Bd3 Bg4 61. Bc2 Bh3 62. Ke7 Bg4 63. Bb3 Bh3 64. Bf7+ Kg7 65. Bh5 Kh6 66. Bf3 Kg6
67. Be2 Bg2 68. h5+ Kg7 69. h6+ Kxh6 70. Kxf6 Be4 71. Bf1 Kh7 72. Bh3 Bf3 73.
Bxf5+ Kg8 74. g4 Bc6 75. g5 Be8 76. g6 Bb5 77. Be6+ Kf8 78. g7+ 1-0

[Event "Titled Tue 17th Jun Early"]
[Site "chess.com INT"]
[Date "2025.06.17"]
[Round "7"]
[White "Sapocinic, Semion"]
[Black "Nurgaliyeva, Zarina"]
[Result "1-0"]
[WhiteTitle "FM"]
[BlackTitle "WFM"]
[WhiteElo "2296"]
[BlackElo "2252"]
[WhiteFideId "13908693"]
[BlackFideId "13730096"]
[EventDate "2025.06.17"]

1. d4 Nf6 2. c4 e6 3. Nf3 d5 4. Nc3 dxc4 5. e4 b5 6. e5 Nd5 7. Nxb5 Nb6 8. Be2
Nc6 9. O-O Be7 10. Be3 O-O 11. Rc1 Ba6 12. Na3 Nb4 13. Nxc4 Nxa2 14. Ra1 Nxc4
15. Rxa2 Nxe3 16. fxe3 Bxe2 17. Qxe2 c5 18. Rfa1 cxd4 19. exd4 a5 20. Rc1 Qb6
21. Qc4 Rfd8 22. h3 h6 23. Kh2 Bg5 24. Rc3 Bf4+ 25. g3 Bg5 26. Qc5 Qb7 27. Qc6
Qb4 28. Qc4 Qb7 29. Qc6 Qb4 30. Kg2 Be7 31. h4 Ra7 32. Qc4 Qb7 33. Qc6 Bb4 34.
Qxb7 Rxb7 35. Rc4 Rbb8 36. Kf2 Rbc8 37. b3 Rb8 38. Ke2 Rb5 39. Rac2 Bf8 40. Nd2
Rbd5 41. Nf3 Rb5 42. R2c3 Rdb8 43. Nd2 Bb4 44. Rc8+ Rxc8 45. Rxc8+ Kh7 46. Ne4
Kg6 47. g4 Be7 48. h5+ Kh7 49. Rc7 Bh4 50. Rxf7 Kg8 51. Rd7 Rxb3 52. Nc5 Rb2+
53. Kd3 Rg2 54. Nxe6 Rg3+ 55. Kc4 Rxg4 56. Ra7 a4 57. Rxa4 Kf7 58. Kd5 Bf2 59.
Ra7+ Kg8 60. Ra8+ Kf7 61. Kd6 Bxd4 62. Rf8# 1-0

[Event "Titled Tue 17th Jun Early"]
[Site "chess.com INT"]
[Date "2025.06.17"]
[Round "7"]
[White "Reshetnikov, Alexey"]
[Black "Venkatesh, Narayan"]
[Result "1-0"]
[WhiteTitle "IM"]
[BlackTitle "FM"]
[WhiteElo "2492"]
[BlackElo "2168"]
[WhiteFideId "4162080"]
[BlackFideId "30987881"]
[EventDate "2025.06.17"]

1. d4 d5 2. c4 e6 3. Nc3 Nf6 4. Bg5 Be7 5. e3 O-O 6. Nf3 b6 7. Rc1 Bb7 8. cxd5
Nxd5 9. Nxd5 Bxd5 10. Bxe7 Qxe7 11. Be2 Rc8 12. O-O Nd7 13. Ba6 Rcb8 14. Rxc7 b5
15. Ne5 Qg5 16. Qg4 Qxg4 17. Nxg4 Nf6 18. Nxf6+ gxf6 19. Rfc1 Rb6 20. Bc8 Bxa2
21. R1c5 a6 22. f3 Bc4 23. Re7 Rbb8 24. Bb7 Ra7 25. Rcc7 Bd5 26. Bxd5 Rxc7 27.
Rxc7 exd5 28. Rc6 a5 29. Rxf6 a4 30. Rc6 b4 31. Rc2 b3 32. Rc1 Rb4 33. Kf2 Rc4
34. Ra1 Rc2+ 35. Kg3 Rxb2 36. Rxa4 Re2 37. Rb4 Rxe3 38. Kf4 Rd3 39. Ke5 Rd2 40.
g4 Rxh2 41. Rxb3 h5 42. Kxd5 h4 43. Ke4 Rg2 44. Rb5 Re2+ 45. Kf4 Rd2 46. Rg5+
Kf8 47. Ke3 Rh2 48. Rh5 h3 49. Ke4 Rh1 50. d5 h2 51. Kf4 Ke7 52. Kg3 Rd1 53.
Kxh2 Kd6 54. Kg3 Rg1+ 55. Kf4 Rd1 56. Rf5 Ke7 57. Kg5 f6+ 58. Rxf6 Rxd5+ 59. Rf5
Rd2 60. Kf4 Ke6 61. Ra5 Rd4+ 62. Kg5 Rb4 63. f4 Rb1 64. f5+ Kf7 65. Ra7+ Kf8 66.
Kg6 Rb6+ 67. f6 Rb1 68. Ra8+ 1-0

[Event "Titled Tue 17th Jun Early"]
[Site "chess.com INT"]
[Date "2025.06.17"]
[Round "7"]
[White "Karttunen, Mika"]
[Black "Veleshnja, Zino"]
[Result "1-0"]
[WhiteTitle "IM"]
[BlackTitle "FM"]
[WhiteElo "2490"]
[BlackElo "2245"]
[WhiteFideId "502081"]
[BlackFideId "4701313"]
[EventDate "2025.06.17"]

1. c4 Nf6 2. Nc3 e6 3. e4 c5 4. e5 Ng8 5. f4 Nc6 6. Nf3 d6 7. d3 Nh6 8. Ne4 d5
9. cxd5 exd5 10. Nc3 Be7 11. Be2 O-O 12. O-O Nf5 13. g4 Nfd4 14. Nxd4 Nxd4 15.
f5 Bg5 16. Bxg5 Qxg5 17. Qc1 Nxe2+ 18. Nxe2 Qxg4+ 19. Ng3 Qd4+ 20. Rf2 Qxe5 21.
f6 Bg4 22. Qxc5 Rac8 23. Qb4 d4 24. Qxb7 Qe3 25. Qe4 h5 26. Re1 Qxe4 27. Nxe4
Rc6 28. Kg2 Re8 29. h3 Be6 30. a3 Bd5 31. fxg7 Kxg7 32. Kf1 Bxe4 33. dxe4 Rd8
34. Rd2 f6 35. Ke2 Kf7 36. Kd3 Ke6 37. Rf1 Rc5 38. Rdf2 Rf8 39. Rf5 Rc7 40. Rxh5
Rb7 41. b4 Rg7 42. Kxd4 Rg3 43. Ra5 Rf7 44. Rff5 Rd7+ 45. Rfd5 Rc7 46. Ra6+ Ke7
47. Rc5 Rd7+ 48. Kc4 Rxh3 49. e5 f5 50. e6 Rh4+ 51. Kc3 Rh3+ 52. Kc4 Rh4+ 53.
Kb5 Rb7+ 54. Kc6 Rb8 55. Kc7 Rg8 56. Rxf5 Rc4+ 57. Rc5 Rf4 58. Kb7 Rff8 59. Rc7+
Kf6 60. e7+ Ke5 61. exf8=N Rxf8 62. Kxa7 Kd5 63. Rc5+ Kd4 64. Rd6+ 1-0

[Event "Titled Tue 17th Jun Early"]
[Site "chess.com INT"]
[Date "2025.06.17"]
[Round "7"]
[White "Alonso Rosell, Alvar"]
[Black "Mamedyarov, Shakhriyar"]
[Result "0-1"]
[WhiteTitle "GM"]
[BlackTitle "GM"]
[WhiteElo "2536"]
[BlackElo "2746"]
[WhiteFideId "2270544"]
[BlackFideId "13401319"]
[EventDate "2025.06.17"]

1. d4 Nf6 2. c4 b6 3. Nf3 Bb7 4. g3 g6 5. Nc3 Bg7 6. d5 O-O 7. Bg2 Na6 8. O-O
Nc5 9. Re1 e6 10. e4 d6 11. Rb1 a5 12. Nd4 e5 13. Ndb5 Bc8 14. b3 h5 15. Bg5 Bd7
16. a3 Qc8 17. b4 Na6 18. Qd2 Nh7 19. Be3 h4 20. bxa5 bxa5 21. c5 Nxc5 22. Bxc5
dxc5 23. d6 Bxb5 24. Rxb5 cxd6 25. Qxd6 h3 26. Rxc5 Qg4 27. Bh1 Rfd8 28. Qb6 Ng5
29. Qb5 Bf8 30. Rc6 Rac8 31. Nd5 Nf3+ 32. Kf1 Nxh2+ 33. Kg1 Nf3+ 34. Kf1 Rxc6
35. Qxc6 Rxd5 36. Qxd5 Nh2+ 37. Kg1 Nf3+ 38. Kf1 Nxe1 39. Kxe1 Qc8 40. Qd3 Qc1+
41. Qd1 Qxa3 42. Kf1 Qc3 43. Bf3 Bc5 44. Bg4 h2 45. Kg2 Kg7 46. Be6 fxe6 47.
Qd7+ Kh6 48. Qd8 h1=Q+ 49. Kxh1 Qf3+ 50. Kh2 Qxf2+ 51. Kh3 Qf1+ 52. Kg4 Qe2+ 53.
Kh3 Qh5+ 54. Kg2 Kg7 55. Qd7+ Kf6 56. Qd8+ Be7 57. Qxa5 Qe2+ 58. Kh3 Qxe4 59.
Qd2 Qf5+ 60. Kg2 e4 61. Qh6 Qf3+ 62. Kg1 Bc5+ 0-1

[Event "Titled Tue 17th Jun Early"]
[Site "chess.com INT"]
[Date "2025.06.17"]
[Round "7"]
[White "Gogolev, Artem"]
[Black "Masague Artero, Guerau"]
[Result "0-1"]
[WhiteTitle "IM"]
[BlackTitle "FM"]
[WhiteElo "2240"]
[BlackElo "2326"]
[WhiteFideId "4116615"]
[BlackFideId "32098952"]
[EventDate "2025.06.17"]

1. d4 d5 2. c4 e6 3. Nf3 Nf6 4. g3 dxc4 5. Bg2 Nc6 6. O-O Rb8 7. a4 Na5 8. Nbd2
c5 9. Qc2 cxd4 10. Nxc4 Bd7 11. Nxa5 Qxa5 12. Bd2 Bb4 13. Bxb4 Qxb4 14. Rfd1 Rc8
15. Qd2 Qxd2 16. Rxd2 Bc6 17. Nxd4 Bxg2 18. Kxg2 Ke7 19. Nb5 a6 20. Nc3 Rhd8 21.
Rad1 Rxd2 22. Rxd2 Rc4 23. f3 Rb4 24. e4 Nd7 25. Rc2 Kd8 26. g4 Nb6 27. a5 Nc4
28. Nd1 Nxa5 29. Rd2+ Ke7 30. h4 Nc4 31. Rc2 b5 32. Kg3 Rb3 33. Kf4 e5+ 34. Kg3
a5 35. Nc3 Rxb2 36. Rc1 Ke6 37. Nxb5 Rxb5 38. Rxc4 Rb6 39. Ra4 Ra6 40. g5 Kd6
41. Kg4 g6 42. h5 Kc5 43. h6 Kb5 44. Ra1 a4 45. f4 a3 46. fxe5 a2 47. Kf4 Kb4
48. e6 fxe6 49. Ke5 Kb3 50. Kf6 Kb2 51. Rf1 a1=Q 52. Rxa1 Kxa1 53. Kg7 Ra7+ 54.
Kf6 Kb2 55. Kxe6 Kc3 56. Kf6 Kd4 57. e5 Kd5 58. e6 Ra6 59. Kg7 Kxe6 60. Kxh7 Kf5
61. Kg7 Kxg5 62. h7 Ra7+ 63. Kg8 Rxh7 64. Kxh7 Kh5 0-1

[Event "Titled Tue 17th Jun Early"]
[Site "chess.com INT"]
[Date "2025.06.17"]
[Round "7"]
[White "Sasvatha A"]
[Black "Stankovic, Boris"]
[Result "1/2-1/2"]
[WhiteTitle "WCM"]
[BlackTitle "FM"]
[WhiteElo "1760"]
[BlackElo "2298"]
[WhiteFideId "45010862"]
[BlackFideId "985317"]
[EventDate "2025.06.17"]

1. d4 Nf6 2. Nf3 d6 3. Bf4 Nbd7 4. e3 e6 5. h3 Be7 6. Be2 O-O 7. O-O Re8 8. c4
Bf8 9. Nc3 c6 10. Bh2 b6 11. a3 Bb7 12. b4 Qc7 13. Rc1 e5 14. dxe5 Nxe5 15. Nxe5
dxe5 16. Qb3 Rad8 17. Rfd1 Nd7 18. Ne4 c5 19. Nc3 f6 20. Nd5 Qb8 21. Bg4 Kh8 22.
Rd2 g6 23. Rcd1 f5 24. Bf3 Bg7 25. Bg3 h6 26. Bh2 Qc8 27. e4 f4 28. Bg4 Qb8 29.
Nc3 Nf6 30. Bf3 Rxd2 31. Rxd2 Rd8 32. Qd1 Rd4 33. Nb5 Rxd2 34. Qxd2 Bxe4 35.
Bxe4 Nxe4 36. Qd5 Nf6 37. Qe6 cxb4 38. axb4 Qd8 39. Nd6 Kh7 40. g3 f3 41. g4 Ne4
42. Bxe5 Bxe5 43. Qf7+ Bg7 44. Nxe4 Qd1+ 45. Kh2 Qe2 46. Qe6 a5 47. bxa5 Qf1 48.
Kg3 Qg2+ 49. Kf4 bxa5 50. Nf6+ Bxf6 51. Qxf6 Qxf2 52. Qf7+ Kh8 53. Qf8+ Kh7 54.
Qf7+ Kh8 55. Qf8+ Kh7 56. Qf7+ 1/2-1/2

[Event "Titled Tue 17th Jun Early"]
[Site "chess.com INT"]
[Date "2025.06.17"]
[Round "7"]
[White "Papasimakopoulos, Alexandros"]
[Black "Ahn, Hongjin"]
[Result "1-0"]
[WhiteTitle "IM"]
[BlackTitle "IM"]
[WhiteElo "2366"]
[BlackElo "2304"]
[WhiteFideId "4244125"]
[BlackFideId "13201492"]
[EventDate "2025.06.17"]

1. d4 d6 2. Nf3 Nf6 3. c4 g6 4. Nc3 Bf5 5. Nh4 Bd7 6. e3 Bg7 7. Be2 e5 8. Nf3
Nc6 9. b3 O-O 10. Bb2 Re8 11. dxe5 dxe5 12. Nd2 Bf5 13. O-O Qe7 14. Nd5 Qd7 15.
Nxf6+ Bxf6 16. Nb1 Qe6 17. Nc3 Rad8 18. Nd5 Ne7 19. Nxf6+ Qxf6 20. Qc1 Bd3 21.
Re1 Bxe2 22. Rxe2 Nc6 23. Rd2 Qe6 24. Rxd8 Rxd8 25. Qc3 f6 26. h3 Qf5 27. Re1
Qd3 28. Rc1 Kf7 29. Qxd3 Rxd3 30. Bc3 a5 31. Kf1 Ke6 32. Ke2 Rd8 33. a3 h5 34.
Ra1 Ra8 35. g4 hxg4 36. hxg4 Rh8 37. b4 a4 38. b5 Nb8 39. Rb1 Nd7 40. Bb4 Rh4
41. Kf3 Nb6 42. Kg3 Rh7 43. c5 Nd5 44. Bd2 f5 45. Rc1 c6 46. b6 Rh8 47. Rc4 Ra8
48. gxf5+ gxf5 49. Rh4 Rg8+ 50. Kf3 e4+ 51. Ke2 Rg7 52. Rh8 Ke5 53. Ra8 Rg2 54.
Rxa4 f4 55. exf4+ Nxf4+ 56. Bxf4+ Kxf4 57. Rc4 Rg8 58. a4 Ra8 59. f3 Ke5 60.
fxe4 Kf4 61. Kd3 Rd8+ 62. Rd4 Ra8 63. Rd7 Rxa4 64. Rxb7 Ra3+ 65. Kc4 Ra4+ 66.
Kb3 Rxe4 67. Rc7 Re1 68. Rxc6 Rb1+ 69. Kc4 Ke5 70. Rd6 Rc1+ 71. Kb5 Rxc5+ 72.
Kxc5 1-0

[Event "Titled Tue 17th Jun Early"]
[Site "chess.com INT"]
[Date "2025.06.17"]
[Round "7"]
[White "Skliarov, Viktor"]
[Black "Parpiev, Isaak"]
[Result "1-0"]
[WhiteTitle "IM"]
[BlackTitle "CM"]
[WhiteElo "2334"]
[BlackElo "2364"]
[WhiteFideId "14106736"]
[BlackFideId "34281576"]
[EventDate "2025.06.17"]

1. e4 c5 2. Nf3 d6 3. d4 cxd4 4. Qxd4 Nc6 5. Bb5 Bd7 6. Bxc6 Bxc6 7. Nc3 Nf6 8.
Bg5 e6 9. O-O-O Be7 10. Rhe1 O-O 11. Kb1 Qa5 12. Qd2 Rfc8 13. Nd4 Qb6 14. f4 h6
15. h4 Bd7 16. g4 hxg5 17. hxg5 Nxg4 18. Rh1 d5 19. Rh4 Bb4 20. Rdh1 Nh6 21. Kc1
Rxc3 22. bxc3 Ba3+ 23. Kd1 Be7 24. Qh2 dxe4 25. Rxh6 gxh6 26. Qxh6 Qb1+ 27. Kd2
e3+ 28. Kxe3 Qxh1 29. Qxh1 Rb8 30. Qh6 Bf8 31. Qh1 Bg7 32. Qb1 e5 33. fxe5 Bxe5
34. Qb4 Bg7 35. Qd6 Re8+ 36. Kf2 Be6 37. Qc7 Bxa2 38. Qxb7 a5 39. Qa7 Be6 40.
Qxa5 Rc8 41. Nxe6 fxe6 42. Qa6 Rf8+ 43. Kg3 Re8 44. c4 Kf7 45. Kg4 Rd8 46. Qb7+
Kg6 47. Qe4+ Kf7 48. Qf3+ Kg6 49. Qe4+ Kf7 50. Qe2 Rd4+ 51. Kf3 Kg6 52. Qxe6+
Kxg5 53. c5 Rf4+ 54. Ke2 Rf5 55. Qe7+ Bf6 56. Qd6 Be5 57. Qd8+ Bf6 58. Qd2+ Kg4
59. c6 Be5 60. Qb4+ Kg5 61. Qe7+ Kg4 62. c7 Bxc7 63. Qxc7 1-0

[Event "Titled Tue 17th Jun Early"]
[Site "chess.com INT"]
[Date "2025.06.17"]
[Round "7"]
[White "El Zein, Zayne-Eddine"]
[Black "Deboushnik De"]
[Result "0-1"]
[WhiteTitle "CM"]
[BlackTitle "CM"]
[WhiteElo "2194"]
[BlackElo "2272"]
[WhiteFideId "5313210"]
[BlackFideId "25768778"]
[EventDate "2025.06.17"]

1. e4 e6 2. d3 d5 3. Nd2 Nf6 4. Ngf3 b6 5. g3 dxe4 6. dxe4 Bb7 7. Qe2 Nc6 8. Bg2
Nb4 9. O-O Nxc2 10. e5 Nd5 11. Rb1 Ncb4 12. a3 Nc6 13. Ne4 Be7 14. h4 a5 15. Rd1
O-O 16. Qc2 Qe8 17. Nfg5 g6 18. h5 Nxe5 19. hxg6 hxg6 20. Bf4 Ng4 21. Qe2 Ngf6
22. Nxf6+ Bxf6 23. Ne4 Bg7 24. Bh6 Ba6 25. Qg4 f5 26. Qh4 fxe4 27. Bxg7 Kxg7 28.
Bxe4 Qf7 29. Rd2 Qf6 30. Qh3 Rad8 31. Rc1 c5 32. Re1 Nf4 33. gxf4 Rxd2 34. Qg3
Rd4 35. Bb1 Rxf4 36. Rd1 Rxf2 37. Rd7+ Rf7 38. Rxf7+ Qxf7 39. Qxf2 Qxf2+ 40.
Kxf2 Kf6 41. Be4 Bc4 42. Ke3 Bd5 43. Bd3 g5 44. Be2 Ke5 45. Bg4 Be4 46. Bh3 Bf5
47. Bg2 b5 48. Bc6 b4 49. axb4 cxb4 50. Bg2 g4 51. Bc6 Kd6 52. Bg2 Kc5 53. Kd2
a4 54. Kc1 e5 55. Kd2 e4 56. Bh1 Kc4 57. Bg2 Kb3 58. Kc1 a3 59. bxa3 bxa3 60.
Bf1 a2 61. Bc4+ Kxc4 62. Kb2 g3 63. Kxa2 g2 64. Ka3 g1=Q 65. Kb2 Qf2+ 66. Kc1
Kc3 0-1

[Event "Titled Tue 17th Jun Early"]
[Site "chess.com INT"]
[Date "2025.06.17"]
[Round "7"]
[White "Chen, Yidong"]
[Black "Berikkyzy Alanna"]
[Result "1-0"]
[BlackTitle "WFM"]
[WhiteElo "2074"]
[BlackElo "2080"]
[WhiteFideId "8607028"]
[BlackFideId "13780719"]
[EventDate "2025.06.17"]

1. c4 c5 2. Nc3 Nf6 3. Nf3 g6 4. g3 Nc6 5. Bg2 d6 6. d4 cxd4 7. Nxd4 Bd7 8. O-O
Bg7 9. e4 h5 10. h4 Qc8 11. Nc2 O-O 12. Re1 Bh3 13. Bg5 Bxg2 14. Kxg2 Re8 15.
Qd2 Ng4 16. f3 Nge5 17. b3 Kh7 18. Rad1 a6 19. a4 Rb8 20. Be3 Na5 21. Nd4 Nec6
22. Rb1 Rd8 23. Rec1 Nxd4 24. Bxd4 Nc6 25. Bxg7 Kxg7 26. Nd5 Qe6 27. a5 Ne5 28.
Qd4 Kg8 29. Nb6 Nc6 30. Qd2 Rf8 31. b4 f5 32. Qd5 Qxd5 33. exd5 Ne5 34. f4 Ng4
35. Nd7 Rbd8 36. Nxf8 Rxf8 37. Kf3 Nf6 38. Re1 Kf7 39. b5 Ne4 40. Rb2 Rc8 41.
Rc1 axb5 42. Rxb5 Nd2+ 43. Ke2 Ne4 44. Rxb7 Nxg3+ 45. Ke3 Ne4 46. Kd4 Nc5 47.
Rb5 Ra8 48. Rcb1 Na4 49. Ra1 Nc5 50. Rb6 Nd7 51. Rb5 Nc5 52. Rxc5 dxc5+ 53. Kxc5
Ke8 54. a6 Kd7 55. Kb6 Kc8 56. c5 Rb8+ 57. Kc6 Ra8 58. a7 Kd8 59. Kb7 Rc8 60.
a8=Q Rxa8 61. Rxa8+ Kd7 62. c6+ Kd6 63. Rd8+ Kc5 64. c7 Kd4 65. c8=Q Ke4 66.
Qc4+ 1-0

[Event "Titled Tue 17th Jun Early"]
[Site "chess.com INT"]
[Date "2025.06.17"]
[Round "7"]
[White "Arya G Mallar"]
[Black "Murawski, Jan"]
[Result "1/2-1/2"]
[WhiteTitle "WCM"]
[BlackTitle "CM"]
[WhiteElo "2000"]
[BlackElo "2164"]
[WhiteFideId "25115324"]
[BlackFideId "21009287"]
[EventDate "2025.06.17"]

1. c4 e6 2. g3 d5 3. Bg2 Nf6 4. Nf3 dxc4 5. Qa4+ Nbd7 6. Qxc4 a6 7. Qc2 c5 8. a4
Qc7 9. d3 b6 10. Bf4 Bd6 11. Bd2 Bb7 12. O-O O-O 13. Na3 Nd5 14. Nc4 Be7 15. Qb3
Bc6 16. Rfc1 b5 17. axb5 axb5 18. Ne3 Rxa1 19. Rxa1 Ra8 20. Rxa8+ Bxa8 21. Qxb5
Bf6 22. Nxd5 Bxd5 23. Bc3 h6 24. h4 c4 25. Ba5 Qc6 26. Qxc6 Bxc6 27. dxc4 Bxb2
28. Nd2 Bxg2 29. Kxg2 Nc5 30. Kf3 f5 31. Bb6 Nd7 32. Bc7 g5 33. hxg5 hxg5 34.
Ke3 Kf7 35. Bd6 e5 36. c5 Ke6 37. Nc4 Bd4+ 38. Kd3 Nxc5+ 39. Bxc5 Bxc5 40. f3
Bf2 41. g4 e4+ 42. Kd2 fxg4 43. fxg4 Kd5 44. Ne3+ Bxe3+ 45. Kxe3 Ke5 46. Kf2 Kf4
47. Kg2 Kxg4 48. e3 Kh4 49. Kh2 g4 50. Kg2 g3 51. Kg1 Kg5 52. Kf1 Kf5 53. Kg1
Kg5 54. Kf1 Kh5 55. Kg1 Kg4 56. Kg2 Kh4 57. Kg1 Kh5 58. Kf1 Kh4 59. Kg1 1/2-1/2